000 00670nam a2200229Ia 4500
003 OSt
005 20220923225939.0
006 a|||||r|||| 00| 0
007 ta
008 Pun
024 _a276,105
037 _cTextual
040 _aARTS
_cARTS
_bPun
041 _2Pun
_aPun
082 _aO153,1NJ0x, K7
100 _aਜੌਹਲ, ਸੁਰਿੰਦਰ ਜੀਤ ਸਿੰਘ
245 0 _aਛਿੰਦਾ ਜਿੰਦ ਪ੍ਰੀਤ ਪੀੜਾ
260 _c1967
650 _aਪੰਜਾਬੀ ਸਾਹਿਤ
942 _hO153,1NJ0x, K7
_cTEXL
_2CC
999 _c381525
_d381525